| 000 | 00912nac a22002051u 4500 | ||
|---|---|---|---|
| 008 | 100915t xxu||||| |||| 00| 0 eng d | ||
| 010 | _a 92051037 | ||
| 020 | _a1863738274 | ||
| 082 | 0 | 0 |
_a640.43 _bSMI |
| 100 |
_aSmith, Hyrum W. _919189 |
||
| 245 | 1 | 4 |
_aThe 10 Natural Laws of Successful Time and Life Management : _bProven Strategies for Increased Productivity and Inner Peace / _cHyrum W. Smith. |
| 260 |
_aNew York, NY : _bWarner Books, _cc1994. |
||
| 300 |
_axiii, 219 p. : _bill. ; _c24 cm. |
||
| 650 | 0 |
_aTime management. _919190 |
|
| 650 | 0 |
_aStress management. _919191 |
|
| 650 | 0 |
_aLife skills. _919192 |
|
| 740 | 0 | _aTen natural laws of successful time and life management. | |
| 942 |
_cBB _k640.43SMI _2ddc |
||
| 999 |
_c3932 _d3932 |
||